Základy zpracování a využití ropy

Salvato in:
Dettagli Bibliografici
Autori principali: Blažek, Josef, Rábl, Vratislav (Autore)
Ente Autore: Vysoká škola chemicko-technologická. Fakulta technologie ochrany prostředí (Praha, Česko) (vydav.)
Natura: Libro
Lingua:ceco
Pubblicazione: Praha Vysoká škola chemicko-technologická 2006
Edizione:2. preprac. vyd.
Soggetti:
Accesso online:Visualizza in OPAC
Tags: Aggiungi Tag
Nessun Tag, puoi essere il primo ad aggiungerne!!

MARC

LEADER 00000nam a22000000i 4500
005 20260127134314.0
008 131205s2006 CZ k r 000 cze d
020 |a 8070806192  |b brož. 
035 |a vtls010563048 
039 9 |a 201705111347  |b mschk03  |y 201312051155  |z mschk03 
040 |a STUSCHK1  |b slo  |c STUSCHK1  |e AACR2 
041 0 |a cze 
080 |a 665.61/.63(075.8) 
100 1 |a Blažek, Josef 
245 0 0 |a Základy zpracování a využití ropy  |c Josef Blažek, Vratislav Rábl 
250 |a 2. preprac. vyd. 
260 |a Praha  |b Vysoká škola chemicko-technologická  |c 2006 
300 |a 254 s.  |b Lit., sch., obr.  |c 29 cm 
650 1 7 |a ropa  |x spracovanie  |v vysokoškolské učebnice.  |2 hŠVKBB 
700 1 |a Rábl, Vratislav,  |4 aut. 
710 2 0 |a Vysoká škola chemicko-technologická.  |b Fakulta technologie ochrany prostředí (Praha, Česko),  |e vydav. 
910 |a SCHK95 
919 |a 80-7080-619-2 
999 |c 9338  |d 9338